Reglamento de presupuestos y contabilidad ó sea recopilación y adaptación de las disposiciones vigentes de uso más frecuente en la materia, adicionada de algunos nuevos preceptos especiales para el régimen de la misma casa / Casa Provincial de Caridad de Barcelona
MARC
| LEADER | 00000nam a2200000Ia 4500 | ||
|---|---|---|---|
| 001 | 9223 | ||
| 008 | 160829s1902 xx 000 0 cat d | ||
| 080 | |a RF-7-13 | ||
| 245 | |a Reglamento de presupuestos y contabilidad ó sea recopilación y adaptación de las disposiciones vigentes de uso más frecuente en la materia, adicionada de algunos nuevos preceptos especiales para el régimen de la misma casa / Casa Provincial de Caridad de Barcelona | ||
| 260 | |a Barcelona : |b (Tip. Casa Caritat), |c 1902 | ||
| 300 | |a 15 p. ; |c 26 cm | ||
| 590 | |a Restaurat: maig 2009. | ||
| 590 | |a Hi ha un duplicat de 32 cm d'alçada, relligat amb tapes dures: DUP-21-47 | ||
| 610 | 2 | 0 | |9 54379 |a Casa de Caritat (Barcelona, Catalunya) |x Reglaments i procediment |
| 610 | 2 | 0 | |a Casa de Caritat (Barcelona, Catalunya) |x Assignacions pressupostàries i despeses |9 55727 |
| 710 | |a Casa de Caritat (Barcelona, Catalunya) |9 52406 | ||
| 710 | |a Casa de Caritat (Barcelona, Catalunya) |9 52406 | ||
| 856 | 4 | |u https://media.diba.cat/diba/fitxers/arxiu/fulletons/bib_9223_1902_baixa.pdf |y Accés lliure | |
| 856 | 4 | |u https://media.diba.cat/diba/fitxers/arxiu/fulletons/bib_9223_1902_baixa.pdf |y Accés lliure | |
| 900 | |a bib_9223_1902_baixa.pdf | ||
| 901 | |a Arxiu | ||
| 942 | |n 1 |2 udc | ||
| 952 | |0 0 |1 0 |4 0 |6 RF713 |7 1 |9 48871 |a Arxiu |b Arxiu |d 2016-12-01 |l 0 |o RF-7-13 |p 9223 |r 2016-12-01 00:00:00 |w 2016-12-01 |y ARXIU | ||
| 999 | |c 52706 |d 52706 | ||